عرض عادي
عرض مارك
- الإمبراطورية البيزنطية
دخول Geographic Name
001 - CONTROL NUMBER
- control field: 21018
003 - CONTROL NUMBER IDENTIFIER
- control field: AE-AdECS
005 - DATE AND TIME OF LATEST TRANSACTION
- control field: 20250926094306.0
008 - FIXED-LENGTH DATA ELEMENTS
- fixed length control field: 250926|| aca||aabn | a|a d
040 ## - CATALOGING SOURCE
- Original cataloging agency: AE-AdECS
- Transcribing agency: AE-AdECS
151 ## - HEADING--GEOGRAPHIC NAME
- Geographic name: الإمبراطورية البيزنطية
- General subdivision: تاريخ
670 ## - SOURCE DATA FOUND
- Source citation: Work cat.: (AE-AdECS)292443: الشيخ، نادية مرايا، 1965- مؤلف. 21016, بيزنطة كما رآها العرب /
